000 01709cam a22001934a 4500
005 20250605164141.0
008 250528s ||||||||||||||||||||||||d
035 _a18982
020 _a9603680923
040 _aGR-AtMCL
_bgre
_dGR-AtMCL
_eAACR2
245 1 _aΙστορία της Γραφής / Ανακαλύψτε την Ιστορία της Γραφής - Από την Αρχαία Εικονογραφία έως τα Μεσαιωνικά Χειρόγραφα και τα Τυπωμένα Βιβλία
260 _bΕρευνητές,
_c1997
300 _a66
520 _aΈνας πρωτότυπος και συναρπαστικός οδηγός για τη γραφή - την ποικιλομορφία των γραφών και τους διάφορους τρόπους με τους οποίους έγραφαν οι άνθρωποι. Τι Είναι η Γραφή;, Τα Πρώτα Σύμβολα, Σύμβολα, ΑΒΓ, Πριν από το Χαρτί, Το Χαρτί, Ένα Μεσαιωνικό Ψαλτήριο, Χειρόγραφα Βιβλία, Ασιατικά Βιβλία, Ισλαμικά Βιβλία, Η Αρχή της Τυπογραφίας, Στοιχειοθεσία, Επί του Πιεστηρίου, Τα Πρώτα Έντυπα Βιβλία, Γραμματοσειρές, Βιβλιοδεσία, Βιβλία με Εικόνες, Μαθαίνω να Γράφω, Γραφικός Χαρακτήρας, Παιδικά Βιβλία, Επαγγελματική Χρήση, Η Γραφομηχανή, Η Αγορά Βιβλίου, Βιβλιοθήκες, Ευρετήριο.
700 1 _aBrookfield Karen
_95262
942 _cBK
999 _c4274
_d4274